| 000 | 00546nam a2200205 i 4500 | ||
|---|---|---|---|
| 001 | C2-0306415 | ||
| 003 | PPAK | ||
| 005 | 20180728091945.0 | ||
| 008 | 101110s xx |||| ||||| | may d | ||
| 040 |
_aPPAK _beng _cPPAK _erda |
||
| 082 | 0 | 4 |
_a899.23 _223 |
| 090 | 0 | 0 |
_a899.23 _bKAS _dKIH |
| 100 | 0 |
_aKassim ahmad, _eauthor |
|
| 245 | 1 | 0 | _aMasaalah kriteria dalam kritikan sastera di malaysia |
| 300 |
_a13 pages ; _c28 cm |
||
| 336 |
_2rdacontent _atext |
||
| 337 |
_2rdamedia _aunmediated |
||
| 338 |
_2rdacarrier _avolume |
||
| 942 |
_ddc _cB |
||
| 999 |
_c109327 _d109327 |
||